000 00379nam a2200169Ia 4500
005 20251020182617.0
008 200515s9999 xx 000 0 und d
082 _aSC/694.5/G25/6
110 _aMinisterio de Trabajo
245 0 _aCarpintería: Tijerales
260 _aLima
260 _c1978
300 _a42
650 _aCARPINTERIA
650 _aTIJERALES
942 _cLIB
999 _c3521
_d3521